000 00397nam a2200157Ia 4500
008 210210b2005 xxu||||| |||| 00| 0 eng d
020 _a81 7888 279 5
082 _a574.1925 SRIE
100 _aSRIDHAR (Sriram).
245 _aEnzyme biotechnology.
260 _aN D
_bDominant Publishers and Distributors
_c2005
300 _a423
650 _aEnzymes
690 _aEnzymes
906 _aSG04658
999 _c115406
_d115406